000 00673nam a2200277Ia 4500
005 20260324133432.0
008 008 260324s9999 xx 000 0 eng d
020 _a9780203449097
037 _aEBOOK
040 _aCRL
040 _beng
040 _cCRL
041 _2eng
041 _aeng
084 _qCRL
100 _aAmanda Kirby; Sharon Drew
_91193089
245 0 _aGuide to Dyspraxia and Developmental Coordination Disorders
260 _bTaylor and Francis
260 _c2003
365 _a
365 _b205
856 _uhttp://www.taylorfrancis.com/books/9780203449097
942 _cEBOOK
999 _c1792104
_d1792104